Les Meilleurs joueurs par poste sur EAFC24 - Statistiques

Statistiques générales
  • Ce quiz a été pris 450 fois
  • Le résultat moyen est 9 sur 15
Statistiques - réponses
Hint Réponse % Correct
Attaquant de Pointe Kylian Mbappé / Erling Haaland
96%
Gardien Thibaut Courtois
90%
Défenseur Central Virgil Van Dijk / Ruben Dias
90%
Avant Centre Lionel Messi / Karim Benzema
82%
Ailier Gauche Vinicius Jr / Neymar Jr
82%
Milieu Central Kevin De Bruyne
79%
Milieu Défensif Rodri / Casemiro
79%
Latéral Gauche Joâo Cancelo / Andrew Robertson
69%
Latéral Droit Trent Alexander-Arnold
66%
Ailier Droit Mohamed Salah
64%
Piston Droit Jeremie Frimpong
33%
Piston Gauche Alejandro Grimaldo
31%
Milieu Offensif Bruno Fernandes
30%
Milieu Gauche Kingsley Coman
29%
Milieu Droit Riyad Mahrez
14%
Aucun quiz correspondant
Distribution des résultats
% des personnes avec chaque résultat
Percentile par nombre de réponses
Votre historique - résultats
Vous n’avez pas pris ce quiz